00374 a2200121 4500001001000000005001700010008004100027245005700068100002100125700002200146773006700168999001700235ART_5090120260410162007.0260409a 10aLa hipoteca y la prenda y la normativa de emergencia1 aHumphreys, Ethel1 aMartinat, Julieta0 tTemas de derecho civilg- Año 6, N° 5 (mayo 2020)wREV34778 c31871d31871